LEADER 00845nam0-22002891i-450- 001 990001828190403321 005 20021010 035 $a000182819 035 $aFED01000182819 035 $a(Aleph)000182819FED01 035 $a000182819 100 $a20021010d--------km-y0itay50------ba 101 0 $aita 200 1 $aAcquedotto sussidiario del Serino per Napoli$eprogetto di massima$fGiuseppe Gioja. 210 $aRoma$cTipografia C. Lucci$d1906. 215 $a24 p.$c1 cart. geogr., 1 tav.$d29 cm 610 0 $aAcquedotti 676 $a628.142 700 1$aGioja,$bGiuseppe$0357696 801 0$aIT$bUNINA$gRICA$2UNIMARC 901 $aBK 912 $a990001828190403321 952 $a60 DONO COMES 26/19$b37852$fFAGBC 959 $aFAGBC 996 $aAcquedotto sussidiario del Serino per Napoli$9411616 997 $aUNINA DB $aING01 LEADER 01211nam--2200373---450 001 990005956170203316 005 20180523111930.0 010 $a978-88-7524-282-4 035 $a000595617 035 $aUSA01000595617 035 $a(ALEPH)000595617USA01 035 $a000595617 100 $a20140703d2014----km-y0itay50------ba 101 $aita 102 $aIT 105 $a||||||||001yy 200 1 $aEmergenza carceri e sistema penale$ei decreti legge del 2013 e la sentenza della Corte cost. n. 32/2014$eaggiornato al d.l. 20 marzo 2014, n. 36$fAngela della Bella$gpresentazione di E. Dolcini e G.L. Gatta 210 $aTorino$cGiappichelli$d2014 215 $aXII, 208 p.$d24 cm 410 0$12001 454 1$12001 461 1$1001-------$12001 606 0 $aDetenzione$yItalia$xDiritto$2BNCF 676 $a345.450773 700 1$aDELLA BELLA,$bAngela$0524371 801 0$aIT$bsalbc$gISBD 912 $a990005956170203316 951 $aXXVI.2.C. 697$b80351 G.$cXXVI.2.C.$d355927 959 $aBK 969 $aGIU 979 $aFIORELLA$b90$c20140703$lUSA01$h1029 979 $aFIORELLA$b90$c20140703$lUSA01$h1031 996 $aEmergenza carceri e sistema penale$9830570 997 $aUNISA